| 000 -ლიდერი |
| ფიქსირებული სიგრძის საკონტროლო ველი |
01836nam a22002657a 4500 |
| 003 - საკონტროლო ნომრის იდენტიფიკატორი |
| საკონტროლო ველი |
Ge_BSU |
| 005 - ბოლო ოპერაციის თარიღი და დრო |
| საკონტროლო ველი |
20251007183821.0 |
| 008 - ფიქსირებული სიგრძის მონაცემთა ელემენტები - ზოგადი ინფორმაცია |
| ფიქსირებული სიგრძის საკონტროლო ველი |
251007s2021 ge ||||| |||| 00| 0 geo d |
| 020 ## - წიგნის საერთაშორისო სტანდარტული ნომერი |
| International Standard Book Number |
9789941958984 |
| 041 ## - ენის კოდი |
| Language code of text/sound track or separate title |
geo |
| 080 ## - უნივერსალური ათობითი კლასიფიკაციის ინდექსი |
| Universal Decimal Classification number |
005.21 H-24 |
| 245 ## - ცნობა სათაურის შესახებ |
| Title |
HBR-ის გზამკვლევი სტრატეგიული ინიციატივების მართვაში : |
| Remainder of title |
მართე თავდაჯერებულად, დაძლიე დაბრკოლებები, დანერგე სტრატეგია / |
| Statement of responsibility, etc |
მთარგმნელები: ეკატერინე სუმბათაშვილი, თამთა ჭალიძე; სამეცნიერო რედაქტორი ანი გაგუა; რედაქტორი ნინო გოგალაძე; დიზაინერი თამარ ჭაბუკიანი. |
| 264 ## - წარმოების, გამოცემის, დისტრიბუციის და სხვა ცნობები |
| გამოცემის, წარმოების, დისტრიბუციის... ადგილი |
თბილისი : |
| გამოცემის, წარმოების, დისტრიბუციის... სახელწოდება |
Harward Businnes Review Press, |
| გამოცემის, წარმოების, დისტრიბუციის... თარიღი |
2021. |
| 300 ## - ფიზიკური აღწერა |
| Extent |
242 გვ. ; |
| Other physical details |
23 სმ. |
| 490 ## - სერიის ცნობა |
| Series statement |
მეტი, ვიდრე გზამკვლევი |
| 653 ## - INDEX TERM--UNCONTROLLED |
| Uncontrolled term |
მართვა |
| 653 ## - INDEX TERM--UNCONTROLLED |
| Uncontrolled term |
დაბრკოლებების დაძლევა |
| 653 ## - INDEX TERM--UNCONTROLLED |
| Uncontrolled term |
სტრატეგია |
| 700 ## - ADDED ENTRY--PERSONAL NAME |
| Personal name |
სუმბათაშვილი, ეკატერინე |
| Relator term |
მთარგმნელი |
| 9 (RLIN) |
260 |
| 700 ## - ADDED ENTRY--PERSONAL NAME |
| Personal name |
ჭალიძე, თამთა |
| Relator term |
მთარგმნელი |
| 9 (RLIN) |
25950 |
| 700 ## - ADDED ENTRY--PERSONAL NAME |
| Personal name |
გაგუა, ანი |
| Relator term |
სამეცნიერო რედაქტორი |
| 9 (RLIN) |
25951 |
| 700 ## - ADDED ENTRY--PERSONAL NAME |
| Personal name |
გოგალაძე, ნინო |
| Relator term |
რედაქტორი |
| 9 (RLIN) |
12334 |
| 700 ## - ADDED ENTRY--PERSONAL NAME |
| Personal name |
ჭაბუკიანი, თამარ |
| Relator term |
დიზაინერი. |
| 9 (RLIN) |
25952 |
| 942 ## - ADDED ENTRY ELEMENTS (KOHA) |
| Source of classification or shelving scheme |
|
| Koha item type |
წიგნი |